| 000 | 00483nam a22001577a 4500 | ||
|---|---|---|---|
| 999 |
_c130239 _d130239 |
||
| 008 | 200131b ||||| |||| 00| 0 eng d | ||
| 020 | _a9780415488198 | ||
| 050 |
_aB1618.A94 _bF67 |
||
| 100 |
_aFoster, John _949215 |
||
| 245 |
_aAyer _bthe arguments of the philosophers _cJohn Foster |
||
| 260 |
_aLondon _bRoutledge _c1985 |
||
| 300 |
_axiii, 307p. ; _c24cm. |
||
| 440 |
_aThe arguments of the philosophers _949216 |
||
| 600 |
_aAyer, Alfred Jules _949217 |
||
| 942 |
_2lcc _cMONOGRAPH |
||